LEADER 01272nam a2200229 i 4500 001 000000022538 003 CaOOAMICUS 005 20220701122537.0 008 180830s1985 be u000 u lat u 040 $aSeMil$bita 100 0 $aElias,$c.$0(OLS)http://semarc/name/116098 245 10$aEliae Epistula Apologetica ad Leonem, Syncellum Harranensem /$c[edidit] Albertus Van Roey. 260 $aLovanii :$bIn aedibus Peeters,$c1985. 300 $a2 v. ;$c25 cm. 490 1 $aCorpus Scriptorum Christianorum Orientalium. Scriptores Syri 700 1 $aRoey, Albert : van,$d<1915-2000>.$0(OLS)http://semarc/name/1130 774 0 $aElias $t1: [Textus].$kCorpus Scriptorum Christianorum Orientalium$kCorpus Scriptorum Christianorum Orientalium. Scriptores Syri$w()183721 774 0 $aElias $t2: [Versio].$kCorpus Scriptorum Christianorum Orientalium$kCorpus Scriptorum Christianorum Orientalium. Scriptores Syri$w()183722 830 0$aCorpus Scriptorum Christianorum Orientalium. Scriptores Syri.$0(OLS)http://semarc/title/9544 996 $6245$aEliae Epistula Apologetica ad Leonem, Syncellum Harranensem$9(OLS)http://semarc/title/30123 996 $6260$aLovanii :$bIn aedibus Peeters$9(OLS)http://semarc/publisher/30114 LEADER 00569nam a2200169 i 4500 001 000000232874 003 CaOOAMICUS 005 20140908000000.0 008 140908s1928 it u000 u eng u 013 $a211777 040 $aSeMil$bita 245 10$aPart 7. 300 $a15, P. 568-646. 773 0 $aMoulton, James Hope$tVocabulary of the Greek Testament.$dLondon [etc.] : Hodder and Stoughton, 1915.$w()30503 850 $aSeMil 852 $aSeMil$W1$xVenegono$y1$m2VV VI 31$j270170$B183220$CSeMilBibl$Z2$F194139 $81 996 $6245$aPart 7$9(OLS)http://semarc/title/332266